000 00366pab a2200157 454500
008 180718b2002 xxu||||| |||| 00| 0 eng d
100 _aBhattacharyya, B.
245 _aDoha WTO: an evaluation
260 _c2002
300 _ap.5-8
362 _aFeb
650 _aInternational trade
650 _aWorld Trade Organization
773 _aYojana
909 _a51270
999 _c51270
_d51270